00486nam a22001337a 4500003000500000005001700005008004100022040000900063082001600072100006200088245016000150260002900310300001300339CEME20210628204118.0210106b xxu||||| |||| 00| 0 eng d cceme a629.892 INF aFilipe, Joaquim, Cetto, Juan Andrade, Ferrier, Jean Louis aIInformatics in control, automation and robotics, selected papers from the international conference on informatics in control, automation and robotics 2007 aNEW YORKbSPRINGERc2009 aXV, 314P